000 01320nem a2200253 u 4500
005 20200104041742.0
008 160503b2005 c ||||| |b|| 00| 0 spa d
040 _aCO-BoIAVH
_cCO-BoIAVH
041 _aspa
044 _ack
090 _aMC-
_b0121
110 2 _aInstituto de Investigación de Recursos Biológicos Alexander von Humboldt.
_9204
245 1 _aMapa de Zonificación ambiental preliminar de la cuenca Cane- Iguaque ;
_cUnidad de sistemas de información geográfica UNISIG- IAvH
_h[Material Cartografico]
255 _a1:00000
260 _aBogotá
_bInstituto de Investigación de Recursos Biológicos Alexander von Humboldt.
_c2005
300 _a16 mapas ;
_b color
_c44 x 30 cm
500 _aConvenio interadministrativo de cooperación técnica entre la comisión conjunta para la ordenación y manejo ambiental de la cuenca del Río Cane - Iguaque corporación autónoma regional de Boyaca, corpoboyaca- territorial norandina de la unidad administrativa especial de parques nacionales naturales y el Instituto de investigación de recursos biológicos Alexander Von Humboldt
650 0 6 _aHidrografía
_95361
650 1 6 _aCarreteras
_970569
650 1 6 _aGeografía
_992259
710 2 _aCorpoboyacá
_970571
710 2 _aParques nacionales naturales de Colombia
_970572
942 _2z
_cMapa
999 _c18439
_d18439